Fundamentals of Financial Management. (Record no. 2042)
[ view plain ]
| 005 - DATE AND TIME OF LATEST TRANSACTION | |
|---|---|
| control field | 20250506141256.0 |
| 020 ## - INTERNATIONAL STANDARD BOOK NUMBER | |
| International Standard Book Number | 0-13-317745-9 |
| 082 ## - DEWEY DECIMAL CLASSIFICATION NUMBER | |
| Classification number | 658.15 VAN |
| 100 ## - MAIN ENTRY--PERSONAL NAME | |
| Author name | VAN, ,J. C. |
| 245 ## - TITLE STATEMENT | |
| Title | Fundamentals of Financial Management. |
| 250 ## - EDITION STATEMENT | |
| Edition statement | 9th Ed. |
| 260 ## - PUBLICATION, DISTRIBUTION, ETC. | |
| Place of publication, distribution, etc. | New Jersey, |
| Name of publisher, distributor, etc. | Prentice Hall International, Inc, |
| Date of publication, distribution, etc. | 1995. |
| 300 ## - PHYSICAL DESCRIPTION | |
| Extent | xvi, 763p.: Ill.; figures & table |
| Other physical details | Index |
| Dimensions | 25cm. |
| 700 ## - ADDED ENTRY--PERSONAL NAME | |
| Other authors/Editors | WACHOWICZ, J .M. |
| 942 ## - ADDED ENTRY ELEMENTS (KOHA) | |
| Source of classification or shelving scheme | Dewey Decimal Classification |
| Koha item type | Books |
| Date last seen | Total checkouts | Full call number | Barcode | Cost, replacement price | Price effective from | Koha item type | Lost status | Source of classification or shelving scheme | Damaged status | Not for loan | Withdrawn status | Home library | Current library | Shelving location | Date acquired | Cost, normal purchase price |
|---|---|---|---|---|---|---|---|---|---|---|---|---|---|---|---|---|
| 06/27/2025 | 658.15 VAN | DOM000314 | 150000.00 | 05/06/2025 | Books | Dewey Decimal Classification | CBE Dodoma | CBE Dodoma | General Collection | 06/26/1996 | 50000.00 | |||||
| 05/06/2025 | 658.15 VAN | 0000007798 | 150000.00 | 05/06/2025 | Books | Dewey Decimal Classification | College of Business Education Main Library | College of Business Education Main Library | General Collection | 06/26/1996 | 50000.00 |
